Regional capitals of Peru - Statistics

General Stats
  • This quiz has been taken 23 times
  • The average score is 22 of 26
Answer Stats
Hint Answer % Correct
Arequipa Arequipa
100%
Callao Callao
100%
Cusco Cusco
100%
Huánuco Huánuco
100%
Ica Ica
100%
Lima (Metropolitan Municipality) Lima
100%
Piura Piura
100%
Puno Puno
100%
Tumbes Tumbes
100%
Ayacucho Ayacucho
93%
Cajamarca Cajamarca
93%
Huancavelica Huancavelica
93%
Tacna Tacna
93%
La Libertad Trujillo
87%
Pasco Cerro de Pasco
80%
Loreto Iquitos
80%
Moquegua Moquegua
80%
Ucayali Pucallpa
73%
Apurímac Abancay
67%
Lambayeque Chiclayo
67%
Junín Huancayo
67%
Ancash Huaraz
67%
Amazonas Chachapoyas
60%
Madre de Dios Puerto Maldonado
60%
Lima Huacho
53%
San Martín Moyobamba
53%
No matching quizzes found
Score Distribution
Percent of People with Each Score
Percentile by Number Answered
Your Score History
You have not taken this quiz